La hegemonia del pueblo y la lucha centroamericana

Guardat en:
Dades bibliogràfiques
Autor principal: González Casanova, Pablo
Format: Text
Publicat: México: s.e.
Etiquetes: Afegir etiqueta
Sense etiquetes, Sigues el primer a etiquetar aquest registre!

MARC

LEADER 00000 a a2200000 04500
001 25694
003
040 |a CRAI/IIS  |c CRAI/IIS 
090 |a 176206  
100 |a González Casanova, Pablo  
245 |a La hegemonia del pueblo y la lucha centroamericana  
260 |a México:   |b s.e.  
300 |a 174 p.  
999 |c 16297  |d 16297